000 00558nam a2200193Ia 4500
003 OSt
005 20221007082930.0
006 a|||||r|||| 00| 0
007 ta
008 221006b |||||||| |||| 00| 0 eng d
024 _a41,521
037 _cDissertations
040 _aFLL
_cFLL
_beng
041 _2eng
_aeng
100 _aBahal Anuj
_9699848
245 0 _aElectoral process in India and role of Indian judiciary in achieving the principle of free and fair election- 2 copies
942 _cDIS
_2CC
999 _c1168218
_d1168218